00618nam a2200193Ia 4500952013100000999001700131003000400148005001700152008004100169020001800210040000900228082002200237100002100259245004100280260003200321300000800353650001300361942005000374 00102ddc40708SSaMESbMEScMALd2019-02-20g45.00l0o894.812301 PRI/Mp34931r2019-02-20 00:00:00w2019-02-20yBKzGR30R3 c29706d29706OSt20201231124802.0190216s9999||||xx |||||||||||||| ||und|| a9788126405190 coclc a894.812301bPRI/M aPriya, A S98024 0aManjamarangal Chuttilum /cA S Priya bDc Books,c2009.aKottayam: a67p aKathakal cBK2ddch894.812301iPRI/Mk894.812301mPRI/M